Online
Catalog

L'uvre internationale de Louis Renault (1843-1918) : (Record no. 998)

MARC details
000 -CABECERA
campo de control de longitud fija 00567cam a22001691 4500
001 - NÚMERO DE CONTROL
campo de control 000001019
005 - FECHA Y HORA DE LA ÚLTIMA TRANSACCIÓN
campo de control 20200929145452.0
008 - DATOS DE LONGITUD FIJA--INFORMACIÓN GENERAL
campo de control de longitud fija 870522m19321933fr c 000 0 fre c
040 ## - FUENTE DE LA CATALOGACIÓN
Centro catalogador/agencia de origen DO-SdBNP
Lengua de catalogación spa
Centro/agencia transcriptor BNPHU
082 ## - NÚMERO DE LA CLASIFICACIÓN DECIMAL DEWEY
Número de clasificación xx
Número de documento/Ítem xx
100 1# - ENTRADA PRINCIPAL--NOMBRE DE PERSONA
Nombre de persona Renault, Louis,
Fechas asociadas al nombre 1843-1918.
9 (RLIN) 3536
245 12 - MENCIÓN DE TÍTULO
Título L'uvre internationale de Louis Renault (1843-1918) :
Resto del título In memoriam.
260 ## - PUBLICACIÓN, DISTRIBUCIÓN, ETC.
Lugar de publicación, distribución, etc. Paris :
Nombre del editor, distribuidor, etc. Les Editions internationales,
Fecha de publicación, distribución, etc. 1932.
300 ## - DESCRIPCIÓN FÍSICA
Extensión 750 p. :
Otras características físicas il. ;
Dimensiones 25 cm.
500 ## - NOTA GENERAL
Nota general Preface signed: A. de La Pradelle.
700 1# - PUNTO DE ACCESO ADICIONAL--NOMBRE DE PERSONA
Nombre de persona Lapradelle, Albert Geouffre de,
Fechas asociadas al nombre 1871-1955.
9 (RLIN) 3537
Holdings
Estado de retiro Estado de pérdida Restricciones de uso No para préstamo Código de colección Localización permanente Ubicación/localización actual Ubicación en estantería Fecha de adquisición Número de inventario Total de préstamos Signatura topográfica completa Código de barras Fecha visto por última vez Precio válido a partir de Tipo de ítem Koha
    Préstamo interno Préstamo en sala Dominicana de Servicio Biblioteca Nacional Pedro Henríquez Ureña Biblioteca Nacional Pedro Henríquez Ureña Depósito 04.09.2009 LF1   xx xx 1019-10 25.06.2020 25.06.2020 Libros y folletos

Powered by Koha